000
00272nam a2200121Ia 4500
008
190216s9999||||xx |||||||||||||| ||und||
100
_a
Rabindranath Tagore
245
0
_a
Chitroo
260
_b
Atlantic Publishers
300
_a
58
650
_a
English Drama
942
_c
BK
999
_c
11558
_d
11558